000 00562nam a22002177a 4500
003 UA-OsUOA
001 57098
007 ta
008 20081202b un ||||| |||| 00| 0 ukr d
100 _aЦинянь А.
090 _a101
_bЦ-45
942 _cSA
040 _aUA-OsUOA
_brus
_cUA-OsUOA
_dUA-OsUOA
245 _aВзгляд китайского ученого на советскую философию
300 _aС.111-125
955 _a0
041 _arus
080 _a101
773 0 _w57097
650 7 _a1 Філософські науки
_2UDC
999 _c343191
_d343191